| 000 | 00506nam a22001337a 4500 | ||
|---|---|---|---|
| 082 | _aMSITE-1 QUR | ||
| 100 |
_aAleena Hasan Qureshi _998355 |
||
| 245 | _aVisualization of mathematical concepts using innovative technologies in education | ||
| 260 |
_aIslamabad _bNUST-SEECS _c2015 |
||
| 300 |
_aPV _b27cm. _eCD Includes |
||
| 500 | _aSupervisors: Dr. Sohail Iqbal, Ms. Manzil Maqsood, Dr. Muddassir Malik, Mr. Jaudat Mamoon | ||
| 856 | _uhttp://10.250.8.41:8080/xmlui/handle/123456789/6605 | ||
| 942 |
_cPR _2ddc |
||
| 999 |
_c13678 _d13678 |
||